000 00830nas a2200277 4500
001 BR0505251
003 BR-BrBNA
005 20231205105707.0
007 ta
008 230509b bl.|||p| |||| 00| 00por d
040 _aBR-BrBNA
_bpor
_cBiblioteca Nacional de Agricultura
041 _a(Pt)
072 _aP01; F70
100 1 _aBatista, J.A.N.
100 1 _aBianchetti, L. de B.
100 1 _aPellizaro, K.F.
245 1 _aOrchidaceae da reserva ecológica do Guará, DF, Brasil
650 _aORCHIDACEAE
650 _aCERRADO
650 _aPRESERVAÇÃO DA NATUREZA
650 _aRESERVA ECOLÓGICA
650 _aDISTRITO FEDERAL
773 0 _tActa Botanica Brasilica (Brazil)
_xISSN 0102-3306
_g(Apr-Jun 2005), v. 19(2) p. 221-232
_wBR0505251
909 _a202311
_bLúcia
_c55
_dLúcia Elande
942 _2AGRIS
_n0
_cANA
999 _c184190
_d184190